Quizzes
Events
Quiz Creation
Community
Videos
Private Events
Remove Ads
Sign In
Join for FREE
Feedback
Dark Mode
Quiz Categories
Sports
Geography
Music
Movies
Television
Just For Fun
Miscellaneous
History
Literature
Language
Science
Gaming
Entertainment
Religion
Holiday
For Kids
Quiz Lab
Recent
Popular Today
Quiz Kudos Today
Editor Picks
Curator Picks
Quizzes by...
Day
Popularity
Type
Ratings
Length
Year
Community
Subscriptions
Recent Discussions
Orange Saloon
Badges
Playlists
Quests
Create
Leaderboards
Showdown
Live 5
Trivia Bingo
Activity
Puzzle Library
Sporcle Events
Private Events
Virtual Trivia
Globe League
Become a Host
Pub Owners
SporcleCon
Opinionation
Our Games
Videos
Blog
Mobile Apps
Partnerships
Remove Ads and Go Orange
Feedback
Science
Computer
Plants
Astronomy
Chemistry
Elements
Math
Animal
Physics
Anatomy
Biology
Geology
General Science
Science
Computer
Plants
Astronomy
Chemistry
Elements
Math
Animal
Physics
Anatomy
Biology
Geology
General Science
Random Quiz
Search Sporcle
×
Quiz Lab
Quiz Lab
Science
Generic
Type in answers that appear in a list
Type in answers that appear in a list
Classic
Best Score? Go Orange.
Top 200 Drugs (for BPSA) Stats
Can you name the Top 200 Drugs (for BPSA)?
By
RH1060
20m
133 Questions
17 Plays
17 Plays
17 Plays
Comments
Comments
Give Quiz Kudos
Give Quiz Kudos
-
- Ratings
hide this ad
Replay
Link that replays current quiz
Next Quiz
Link to next quiz in quiz playlist
You Got
0%
They Got
Avg Score
27%
Avg Friend Score
Upgrade to see
Score Distribution
Jump to the score distribution portion of the page
Score
0/133
Timer
20:00
0
Plays Today
Generic Drug
Brand Name
% Correct
alprazolam
Xanax
76.5%
sertraline HCl
Zoloft
64.7%
cephalexin
Keflex
64.7%
fluconazole
Diflucan
64.7%
meteprolol tartrate
Lopressor
58.8%
azithromycin
Zithromax
58.8%
ciprofloxacin HCl
Cipro
58.8%
levofloxacin
Levaquin
58.8%
metformin HCl
Glucophage
58.8%
celecoxib
Celebrex
52.9%
eszopiclone
Lunesta
52.9%
quetiapine
Seroquel
52.9%
tadalafil
Cialis
52.9%
Clonazepam
Klonopin
52.9%
sildenafil citrate
Viagra
52.9%
oseltamivir
Tamiflu
52.9%
paroxetine
Paxil
52.9%
furosemide
Lasix
52.9%
atorvastatin
Lipitor
52.9%
ibandronate Na
Boniva
47.1%
amoxicillin TR/
clavulanate K
Augmentin
47.1%
lansoprazole
Prevacid
47.1%
lorazepam
Ativan
47.1%
olanzapine
Zyprexa
47.1%
escitalopram
Lexapro
47.1%
alendronate Na
Fosamax
47.1%
amoxicillin
Amoxil
47.1%
valsartan
Diovan
47.1%
simvastatin
Zocor
47.1%
rosuvastatin
Crestor
47.1%
tramadol HCl
Ultram
47.1%
sitagliptin phosphate
Januvia
41.2%
diazepam
Valium
41.2%
memantine HCl
Namenda
41.2%
metoprolol succinate
Toprol XL
41.2%
zolpidem tartrate
Ambien
41.2%
pantroprazole Na
Protonix
41.2%
esomeprazole
Nexium
41.2%
ranitidine HCl
Zantac
41.2%
fexofenadine HCl
Allegra
41.2%
latanoprost
Xalatan
41.2%
clopidogrel bisulfate
Plavix
41.2%
pravastatin Na
Pravachol
41.2%
pregabalin
Lyrica
41.2%
duloxetine
Cymbalta
35.3%
Generic Drug
Brand Name
% Correct
insulin glargine
Lantus
35.3%
omeprazole
Prilosec
35.3%
tamsulosin
Flomax
35.3%
methylphenidate HCl
Concerta
35.3%
aripiprazole
Abilify
35.3%
cyclobenzaprine HCl
Flexeril
35.3%
valacyclovir HCl
Valtrex
35.3%
citalopram HBr
Celexa
35.3%
amlodipine
Norvasc
35.3%
olmesartan medoxomil
Benicar
35.3%
meloxicam
Mobic
35.3%
Nuvaring
Nuvaring
29.4%
valzartan HCTZ
Diovan HCT
29.4%
conjugated estrogens
Premarin
29.4%
potassium chloride
Klor-Con
29.4%
venlafaxine
Effexor XR
29.4%
lamotrigine
Lamictal
29.4%
trazodone HCl
Desyrel
29.4%
atenolol
Tenormin
29.4%
losartan K
Cozaar
29.4%
fenofibrate
Tricor
29.4%
ezetimibe
Zetia
29.4%
methylprednisolone tablets
Medrol
29.4%
lidocaine HCl
Lidoderm
29.4%
promethazine HCl
Phenergan
29.4%
benazepril
Lotensin
23.5%
risedronate Na
Actonel
23.5%
vitamin D
vitamin D
23.5%
clonidine HCl
Catapres
23.5%
carisoprodol
Soma
23.5%
buprenorphine/
naloxone
Suboxone
23.5%
allopurinol
Zyloprim
23.5%
olmesartan medoxomil HCTZ
Benicar HCT
23.5%
enalapril maleate
Vasotec
23.5%
lisdexamfetamine
Vyvanse
23.5%
ezetimibe/
simvastatin
Vytorin
23.5%
omega-
3 acid
Lovaza
23.5%
oxycodone HCl
Oxycontin
23.5%
raloxifene HCl
Evista
17.6%
rabeprozole Na
Aciphex
17.6%
amphetimine salt combo
Adderall XR
17.6%
tolterodine tartrate
Detrol LA
17.6%
pioglitazone
Actos
17.6%
ramipril
Altace
17.6%
digoxin
Lanoxin
17.6%
Generic Drug
Brand Name
% Correct
mometasone
Nasonex
17.6%
irbesartan
Avapro
17.6%
APAP/
codeine
Tylenol #3
17.6%
donepezil HCl
Aricept
17.6%
metformin HCl ER
Glucophage XR
11.8%
montelukast
Singular
11.8%
tiotropium Br
Spiriva Handihaler
11.8%
ipratropium Br/
albuterol sulfate
Combivent
11.8%
amlodipine besylate/
benazapril
Lotrel
11.8%
losartan HCTZ
Hyzaar
11.8%
lovastatin
Mevacor
11.8%
niacin
Niaspan
11.8%
penicillin VK
penicillin VK
5.9%
lisinopril
Zestril, Prinivil
0%
folic acid
Deplin, Folvite
0%
doxycycline
Adoxa, Periostat, Doryx
0%
lisinopril HCTZ
Prinzide, Zestoretic
0%
drospirenone/
ethinyl estradiol
Yaz-28, Yasmin-28
0%
isosorbide mononitrate
Monoket, Imdur
0%
bupropion
Budeprion XL, Wellbutrin XL
0%
meclizine HCl
Antivert, Antrizine
0%
ethinyl estradiol/
norethindrone
Loestrin 24 Fe
0%
sulfamethoxazole/
trimethoprim
Bactrim, Septra
0%
ethinyl estradiol/
norgestimate
TriNessa, Tri-Sprintec, Ortho-Cyclen
0%
amitriptyline HCl
Vanatrip, Elavil
0%
glyburide
Diabeta Glynase
0%
fluoxetine HCl
Prozac, Sarafem
0%
fluticasone propionate
Flonase, Flovent
0%
albuterol
ProAir HFA, Proventil HFA, Ventolin HFA
0%
fluticasone propionate/
salmeterol
Advair Discus
0%
cheratussin AC
Guiatuss AC Syrup
0%
triamterene HCTZ
Maxzide, Dyazide
0%
verapamil SR
Calan SR, Isoptin SR
0%
hydrochlorothiazide
HydroDIURIL, Hydro-Par, Ezide
0%
warfarin Na
Coumadin, Jantoven
0%
ibuprofen
Advil, Motrin
0%
prednisone
Sterapred
0%
propoxyphen-
N/
APAP
Darvocet-N
0%
gabapentin
Gabarone, Neurontin
0%
oxycodone/
APAP
Percocet, Endocet, Primalev, Magnacet
0%
hydrocodone/
APAP
Vicodin, Norco, Lotab
0%
naproxen
Aleve, Anaprox, Naprosyn
0%
levothyroxine Na
Levothyroid, Levoxyl, Synthroid
0%
Quiz Playlist
Details
Report
Send in Message
Add To Playlist
Classic:
Type in answers that appear in a list
Last Updated: Feb 16, 2017
Quiz Scoreboard
CHALLENGE
Sign Up to Join the Scoreboard
Show All
Scores
Hide
Comments
May contain spoilers
Recently Published
Presidents Visiting Landmarks
by Hejman
History
7m
An Introduction to Baseball
by treessimontrees
Sports
5m
Movies - When Are They Set?
by FPL_Elf
Movies
5m
More to Explore
Quiz From the Vault
Featured Blog Post
Where Did the Easter Bunny Come From?
hide this ad
You Might Also Like...
Tags
200
brand
Drug
Generic
Top 200
Today's Top Quizzes in Science
Browse Science
hide this ad
Today's Top Quizzes in Generic
Browse Generic
Top Contributed Quizzes in Science
1
Quick Pick: Radians
2
Name the Acid, Base or Salt
3
Quick Pick: 'CI-CJ' Animals
4
Elements In Images
5
One Thing in Common: Science
6
One Thing in Common: Animals
7
One Thing in Common: Science III
8
1 to 50
9
One Thing in Common: Science II
10
Order Up: Organs and Body Systems
Explore More
Trending Topics
Disney
Harry Potter
NBA
Kpop
Anime
Crossword
Marvel
Soccer
NFL
Country
WWE
Puzzle
The Office
Pokémon
Song
hide this ad
More By:
RH1060
Quiz
Plays
Rating
Category
Featured
Created
Cancer Drugs
162
Science
Apr 6, 2011
Top 200 Drugs (for BPSA)
17
4.00
Science
May 8, 2011
Go to Creator's Profile
Score Distribution
Quiz Creator Spotlight
RH1060
Follow
Send a Message
Quizzes Created
-
Created Quiz Play Count
-
More By This Creator
Popular Quizzes Today
1
Find the US States - No Outlines Minefield
2
Find the Countries of Europe - No Outlines Minefield
3
The Countries of the World
4
Find the US States
5
Popular People in 1961
6
US States
7
Risky Map Clicking: Biggest States A-Z
8
Movies - When Are They Set?
More Science Quizzes
Erase the Periodic Table (No Skips)
Published
Trending Quizzes
Risky Map Clicking: Least Populous States A-Z
1-10 Letter G Words
1-10 Letter F Words
Risky Map Clicking: Next State Alphabetically
Risky Map Clicking: Biggest States A-Z
Recently Updated
Leaping Animals
pecheneg
Reality TV Shows (A-Z)
bhenderson79
Rickey Henderson's Hall of Fame Teammates
pecheneg
Champions League XIs: Arsenal
pecheneg
Quick Pick: Celebrities in WWE's Hall of Fame
aduchscher
A-Z Keypad Blitz II
pecheneg
Multiple Oscar Actors
pecheneg
Mystery Phrase Blitz: Oscar 'Best Actors'
pecheneg
F. Scott Fitzgerald Novels
LTH
Pick 3 Villains
ddd62291
Trending Topics
Crossword
Anime
Marvel
Harry Potter
Kpop
Disney
NBA
The Office
Soccer
WWE
Pokémon
NFL
Country
Puzzle
Song
Your Account Isn't Verified!
In order to create a playlist on Sporcle, you need to verify the email address you used during registration. Go to your
Sporcle Settings
to finish the process.
Report this User
Report this user for behavior that violates our
Community Guidelines
.
Details:
Send Report
Go to the Sporcle.com Mobile Site →
Comments